[Event "Stay Safe Play From Home 324"]
[Site "Emanuel Lasker Arena"]
[Date "2020.07.22"]
[Round "2"]
[White "Timbre"]
[Black "Lazieri3"]
[Result "0-1"]
[WhiteElo "1624"]
[BlackElo "2049"]
[Annotator "NA"]
[PlyCount "112"]
[EventDate "2020.07.22"]
[EventType "swiss (blitz)"]

1. d4 {[%emt 0:00:04]} c6 {[%emt 0:00:00]} 2. Nf3 {[%emt 0:00:02]} d5 {[%emt 0:00:00]} 3. c3 {[%emt 0:00:01]} Nf6 {[%emt 0:00:04]} 4. Bf4 {[%emt 0:00:02]} Bf5 {[%emt 0:00:02]} 5. e3 {[%emt 0:00:01]} e6 {[%emt 0:00:01]} 6. Bd3 {[%emt 0:00:01]} Bxd3 {[%emt 0:00:01]} 7. Qxd3 {[%emt 0:00:02]} Bd6 {[%emt 0:00:00]} 8. Bg3 {[%emt 0:00:02]} Bxg3 {[%emt 0:00:09]} 9. hxg3 {[%emt 0:00:02]} h6 {[%emt 0:00:00]} 10. Nbd2 {[%emt 0:00:01]} Nbd7 {[%emt 0:00:01]} 11. e4 {[%emt 0:00:01]} dxe4 {[%emt 0:00:00]} 12. Nxe4 {[%emt 0:00:01]} Nxe4 {[%emt 0:00:00]} 13. Qxe4 {[%emt 0:00:01]} Nf6 {[%emt 0:00:00]} 14. Qc2 {[%emt 0:00:01]} O-O {[%emt 0:00:03]} 15. O-O {[%emt 0:00:02]} Rc8 {[%emt 0:00:02]} 16. Rfe1 {[%emt 0:00:02]} Qb6 {[%emt 0:00:01]} 17. a3 {[%emt 0:00:04]} Rfd8 {[%emt 0:00:01]} 18. Ne5 {[%emt 0:00:03]} c5 {[%emt 0:00:04]} 19. dxc5 {[%emt 0:00:02]} Rxc5 {[%emt 0:00:00]} 20. Nf3 {[%emt 0:00:05]} Rcd5 {[%emt 0:00:04]} 21. Rab1 {[%emt 0:00:05]} a5 {[%emt 0:00:02]} 22. b4 {[%emt 0:00:06]} axb4 {[%emt 0:00:01]} 23. cxb4 {[%emt 0:00:03]} Rd3 {[%emt 0:00:12]} 24. Ra1 {[%emt 0:00:02]} Qb5 {[%emt 0:00:09]} 25. Qc7 {[%emt 0:00:11]} Qd5 {[%emt 0:00:11]} 26. a4 {[%emt 0:00:15]} Qd7 {[%emt 0:00:10]} 27. Qc4 {[%emt 0:00:08]} Rc8 {[%emt 0:00:13]} 28. Qf4 {[%emt 0:00:09]} Rdc3 {[%emt 0:00:07]} 29. b5 {[%emt 0:00:05]} Qc7 {[%emt 0:00:08]} 30. Qd2 {[%emt 0:00:09]} Rc2 {[%emt 0:00:01]} 31. Qe3 {[%emt 0:00:02]} Qa5 {[%emt 0:00:06]} 32. Qd3 {[%emt 0:00:12]} Qb6 {[%emt 0:00:07]} 33. Rf1 {[%emt 0:00:05]} R8c3 {[%emt 0:00:07]} 34. Qd1 {[%emt 0:00:07]} Ng4 {[%emt 0:00:15]} 35. Qe1 {[%emt 0:00:09]} Qc5 {[%emt 0:00:05]} 36. a5 {[%emt 0:00:21]} Qh5 {[%emt 0:00:08]} 37. Nh4 {[%emt 0:00:27]} Qxb5 {[%emt 0:00:01]} 38. Qe4 {[%emt 0:00:09]} Rc4 {[%emt 0:00:12]} 39. Qe1 {[%emt 0:00:06]} Qh5 {[%emt 0:00:03]} 40. a6 {[%emt 0:00:04]} bxa6 {[%emt 0:00:01]} 41. Rxa6 {[%emt 0:00:02]} Qd5 {[%emt 0:00:26]} 42. Ra5 {[%emt 0:00:07]} Qb7 {[%emt 0:00:09]} 43. Qd1 {[%emt 0:00:12]} Rc1 {[%emt 0:00:47]} 44. Qe2 {[%emt 0:00:06]} Rxf1+ {[%emt 0:00:02]} 45. Qxf1 {[%emt 0:00:01]} Qc7 {[%emt 0:00:03]} 46. Ra8+ {[%emt 0:00:10]} Kh7 {[%emt 0:00:01]} 47. Qd3+ {[%emt 0:00:11]} g6 {[%emt 0:00:01]} 48. Ra1 {[%emt 0:00:18]} Rc1+ {[%emt 0:00:01]} 49. Rxc1 {[%emt 0:00:01]} Qxc1+ {[%emt 0:00:01]} 50. Qf1 {[%emt 0:00:01]} Qxf1+ {[%emt 0:00:02]} 51. Kxf1 {[%emt 0:00:01]} Kg7 {[%emt 0:00:00]} 52. Ke2 {[%emt 0:00:01]} e5 {[%emt 0:00:02]} 53. f3 {[%emt 0:00:05]} Nf6 {[%emt 0:00:01]} 54. f4 {[%emt 0:00:02]} e4 {[%emt 0:00:07]} 55. Ke3 {[%emt 0:00:02]} Nh5 {[%emt 0:00:01]} 56. Kf2 {[%emt 0:00:02]} f5 {[%emt 0:00:01] Time (Lag: Av=0.31s, max=1.2s) .} 0-1

[Event "Stay Safe Play From Home 324"]
[Site "Emanuel Lasker Arena"]
[Date "2020.07.22"]
[Round "2"]
[White "Justwatch"]
[Black "Ganyan"]
[Result "1-0"]
[WhiteElo "1468"]
[BlackElo "1620"]
[Annotator "NA"]
[PlyCount "125"]
[EventDate "2020.07.22"]
[EventType "swiss (blitz)"]

1. e4 {[%emt 0:00:05]} Nf6 {[%emt 0:00:02]} 2. e5 {[%emt 0:00:01]} Nd5 {[%emt 0:00:02]} 3. Nf3 {[%emt 0:00:10]} d6 {[%emt 0:00:02]} 4. exd6 {[%emt 0:00:01]} exd6 {[%emt 0:00:00]} 5. Bc4 {[%emt 0:00:21]} Nb6 {[%emt 0:00:10]} 6. Bb3 {[%emt 0:00:01]} Nc6 {[%emt 0:00:01]} 7. d3 {[%emt 0:00:01]} Bf5 {[%emt 0:00:00]} 8. O-O {[%emt 0:00:01]} Be7 {[%emt 0:00:00]} 9. h3 {[%emt 0:00:00]} O-O {[%emt 0:00:00]} 10. Nc3 {[%emt 0:00:01]} Bf6 {[%emt 0:00:03]} 11. Nd5 {[%emt 0:00:02]} Nxd5 {[%emt 0:00:02]} 12. Bxd5 {[%emt 0:00:00]} Qd7 {[%emt 0:00:02]} 13. c3 {[%emt 0:00:01]} Rfe8 {[%emt 0:00:01]} 14. d4 {[%emt 0:00:02]} Be4 {[%emt 0:00:04]} 15. Bxe4 {[%emt 0:00:01]} Rxe4 {[%emt 0:00:00]} 16. Qd3 {[%emt 0:00:01]} Rae8 {[%emt 0:00:02]} 17. Be3 {[%emt 0:00:02]} d5 {[%emt 0:00:02]} 18. Nd2 {[%emt 0:00:02]} Na5 {[%emt 0:00:00]} 19. Nxe4 {[%emt 0:00:02]} dxe4 {[%emt 0:00:00]} 20. Qc2 {[%emt 0:00:04]} Bd8 {[%emt 0:00:07]} 21. Qe2 {[%emt 0:00:06]} f5 {[%emt 0:00:02]} 22. Qh5 {[%emt 0:00:02]} g6 {[%emt 0:00:01]} 23. Qh6 {[%emt 0:00:01]} Bf6 {[%emt 0:00:05]} 24. Bf4 {[%emt 0:00:03]} Re6 {[%emt 0:00:06]} 25. Bg5 {[%emt 0:00:04]} Bg7 {[%emt 0:00:03]} 26. Qh4 {[%emt 0:00:01]} Nc4 {[%emt 0:00:04]} 27. b3 {[%emt 0:00:02]} Nd6 {[%emt 0:00:02]} 28. d5 {[%emt 0:00:05]} Re5 {[%emt 0:00:12]} 29. c4 {[%emt 0:00:05]} Qf7 {[%emt 0:00:06]} 30. Bf4 {[%emt 0:00:04]} Re8 {[%emt 0:00:04]} 31. Bxd6 {[%emt 0:00:01]} Bxa1 {[%emt 0:00:02]} 32. Bxc7 {[%emt 0:00:04]} Bf6 {[%emt 0:00:03]} 33. Qf4 {[%emt 0:00:03]} Bd4 {[%emt 0:00:06]} 34. d6 {[%emt 0:00:02]} Qe6 {[%emt 0:00:07]} 35. c5 {[%emt 0:00:03]} Bxc5 {[%emt 0:00:03]} 36. Rd1 {[%emt 0:00:04]} Qd7 {[%emt 0:00:06]} 37. Qc1 {[%emt 0:00:07]} b6 {[%emt 0:00:10]} 38. Qc4+ {[%emt 0:00:03]} Kf8 {[%emt 0:00:05]} 39. Qc3 {[%emt 0:00:06]} Kf7 {[%emt 0:00:04]} 40. b4 {[%emt 0:00:02]} Qa4 {[%emt 0:00:15]} 41. Rb1 {[%emt 0:00:17]} Bxf2+ {[%emt 0:00:39]} 42. Kxf2 {[%emt 0:00:01]} e3+ {[%emt 0:00:00]} 43. Kg3 {[%emt 0:00:03]} e2 {[%emt 0:00:05]} 44. Re1 {[%emt 0:00:08]} Qb5 {[%emt 0:00:14]} 45. a4 {[%emt 0:00:07]} Qxa4 {[%emt 0:00:06]} 46. Qc4+ {[%emt 0:00:01]} Kf6 {[%emt 0:00:04]} 47. Rxe2 {[%emt 0:00:01]} Qa3+ {[%emt 0:00:07]} 48. Kh2 {[%emt 0:00:04]} Qa4 {[%emt 0:00:10]} 49. Qd4+ {[%emt 0:00:08]} Kf7 {[%emt 0:00:04]} 50. Qd5+ {[%emt 0:00:05]} Kf6 {[%emt 0:00:03]} 51. d7 {[%emt 0:00:08]} Rxe2 {[%emt 0:00:07]} 52. d8=Q+ {[%emt 0:00:01]} Re7 {[%emt 0:00:00]} 53. Qd4+ {[%emt 0:00:04]} Kf7 {[%emt 0:00:04]} 54. Q8d5+ {[%emt 0:00:04]} Re6 {[%emt 0:00:05]} 55. Q4e5 {[%emt 0:00:08]} Qe8 {[%emt 0:00:10]} 56. Qb3 {[%emt 0:00:14]} Qd7 {[%emt 0:00:05]} 57. Qeg3 {[%emt 0:00:07]} Ke8 {[%emt 0:00:14]} 58. Be5 {[%emt 0:00:11]} Qe7 {[%emt 0:00:04]} 59. Bb2 {[%emt 0:00:07]} Re2 {[%emt 0:00:01]} 60. Qg8+ {[%emt 0:00:08]} Kd7 {[%emt 0:00:01]} 61. Qd3+ {[%emt 0:00:02]} Kc7 {[%emt 0:00:02]} 62. Qgc4+ {[%emt 0:00:06]} Kb7 {[%emt 0:00:03]} 63. Qxe2 {[%emt 0:00:01] Ganyan resigns (Lag: Av=0.46s, max=1.5s)} 1-0

[Event "Stay Safe Play From Home 324"]
[Site "Emanuel Lasker Arena"]
[Date "2020.07.22"]
[Round "3"]
[White "Mr bh6"]
[Black "Weltszmerc"]
[Result "1-0"]
[WhiteElo "2486"]
[BlackElo "2067"]
[Annotator "TA"]
[PlyCount "143"]
[EventDate "2020.07.22"]
[EventType "swiss (blitz)"]

{[%evp 16,143,61,-2,0,-116,-118,-190,-187,-185,-172,-247,-239,-218,-120,-119,-75,-64,-72,-71,-76,-81,-79,-91,-47,-45,-41,-56,-43,-69,-69,-69,-69,-69,-69,-66,-48,-81,-67,-119,-108,-102,-79,-90,-101,-123,-138,-136,72,75,214,202,335,335,317,335,299,256,256,256,256,256,254,249,216,60,58,58,64,0,0,0,0,0,0,0,0,0,179,183,29951,29955,29955,29956,29957,29957,29956,29958,29958,29957,29957,29957,29943,5493,29967,29968,29970,29970,29970,29971,29972,29973,29981,29982,29984,29985,29987,29985,29988,29986,29986,29987,29987,29988,29988,29987,29987,29987,29988,29985,29985,29983,29984,29985,29985,29986,29987,29985,29985,29986]} 1. d4 b6 2. Nf3 Bb7 3. c4 Nf6 4. Nc3 e6 5. g3 Be7 6. Bg2 O-O 7. O-O Ne4 8. Qc2 {8.Qc2 was played by the boomers.} f5 9. Nd2 ({Better is} 9. Ne5 $14) 9... Nxc3 $11 {E19: Queen's Indian: Old Main Line with 7...Ne4 8 Qc2 Nxc3 8 Qxc3.} 10. Bxb7 (10. Qxc3 $11 Bxg2 11. Kxg2) 10... Nxe2+ $17 {[%mdl 64] Double Attack} 11. Kh1 (11. Kg2 $17 Nc6 12. Qd3 Nexd4 13. Bxa8 Qxa8 14. f3) 11... Nxd4 $19 {Black is clearly better.} 12. Qd3 Nbc6 {[%cal Bb8c6,Bc6e5,Be5f3,Bf3d2][%mdl 32]} 13. Bxa8 (13. Nb3 $142 Rb8 14. Nxd4 Nxd4 15. Bg2) 13... Qxa8 14. f3 Bf6 (14... Bc5 $19 15. Nb3 Ne5 {[%mdl 64] Double Attack}) 15. Nb3 $17 Ne5 16. Qxd4 Nxf3 17. Qf2 Nd2+ $1 {[%mdl 64] Double Attack} 18. Kg1 Nxf1 19. Qxf1 {[#]} Qe4 $146 ({Predecessor:} 19... a5 20. Qg2 a4 21. Nd2 a3 22. Rb1 axb2 23. Bxb2 Qxa2 24. Bxf6 gxf6 25. Qe2 Rf7 {1-0 (43) Nguyen,Q (1805)-Pham,Q (1544) Bac Giang 2018}) 20. Bf4 Bxb2 21. Re1 Qc6 22. Qg2 Qxg2+ 23. Kxg2 Rc8 24. c5 Kf7 25. Rd1 Ke8 26. a4 Bf6 27. Rc1 ({White should try} 27. a5 $15) 27... e5 28. Be3 Ke7 29. Nd2 Ke6 30. cxb6 axb6 31. Bxb6 c6 $2 (31... Bg5 $17 {keeps the pressure on.} 32. Rxc7 Rxc7 33. Bxc7 Bxd2) 32. a5 $1 $16 {[%cal Ba4a5,Ba5a6,Ba6a7][%mdl 32]} d5 (32... Bg5 $16 33. Rc2 d6) 33. a6 $18 Ra8 (33... Kd7 {was worth a try.} 34. Nb3 Ra8) 34. Rxc6+ Kd7 35. Rc7+ Kd6 36. a7 {aiming for Rb7.} Bd8 37. Rb7 Bxb6 38. Rxb6+ {[%mdl 4096] Endgame KRN-KR} Kc7 39. Ra6 Kb7 40. Ra5 $2 (40. Re6 $18) 40... Rxa7 $14 41. Rxd5 {Threatens to win with Kf1.} Ra2 42. Kh3 (42. Kf2 $14) 42... Kc6 $11 43. Rd8 Kc7 44. Rd5 {Black must now prevent Nc4.} Kc6 45. Rd8 Kc7 46. Rd3 Ra4 $2 {[#] White now steadily converts the win.} (46... e4 $11 47. Rd5 Kc6) 47. Rd5 $1 $18 Rd4 $2 {[#]} (47... f4 $18 48. Rxe5 fxg3 49. Kxg3 Kd6) 48. Rxd4 $1 exd4 {KN-KP} 49. Nf3 d3 50. Kg2 Kc6 51. Ne5+ Kd5 52. Nxd3 {KN-K3P} Ke4 53. Nc5+ Kd5 54. Nb3 (54. Nd7 $142 h6 55. Kf3 Kd6 56. Nb8 Ke6 57. Nc6 g6 58. Ke3 Kd6 59. Kd4) 54... g5 55. Kf3 {White mates.} h6 56. Nc1 Kd4 57. Ne2+ Kd3 58. h4 Kd2 59. Nd4 f4 60. gxf4 gxh4 {KN-KPP} 61. f5 h3 62. f6 h2 63. Kg2 Ke3 64. Nc2+ Kd3 65. Nb4+ Kc4 66. Na6 Kd5 67. Nc7+ Kd6 {[#]} 68. Nd5 $1 {[%mdl 512]} Ke6 (68... Kxd5 69. f7) 69. Kxh2 Kf7 70. Kh3 Kg6 71. Kh4 h5 72. Kg3 {Accuracy: White = 75%, Black = 66%.} 1-0

[Event "Stay Safe Play From Home 324"]
[Site "Emanuel Lasker Arena"]
[Date "2020.07.22"]
[Round "3"]
[White "Lazieri3"]
[Black "Dukic"]
[Result "1-0"]
[WhiteElo "2052"]
[BlackElo "1838"]
[Annotator "NA"]
[PlyCount "97"]
[EventDate "2020.07.22"]
[EventType "swiss (blitz)"]

1. e4 {[%emt 0:00:02]} c6 {[%emt 0:00:02]} 2. Nc3 {[%emt 0:00:00]} d6 {[%emt 0:00:01]} 3. d4 {[%emt 0:00:00]} Nd7 {[%emt 0:00:01]} 4. Nf3 {[%emt 0:00:01]} e5 {[%emt 0:00:01]} 5. dxe5 {[%emt 0:00:02]} dxe5 {[%emt 0:00:02]} 6. Bc4 {[%emt 0:00:01]} Be7 {[%emt 0:00:02]} 7. O-O {[%emt 0:00:02]} Ngf6 {[%emt 0:00:01]} 8. h3 {[%emt 0:00:02]} b5 {[%emt 0:00:01]} 9. Bb3 {[%emt 0:00:01]} b4 {[%emt 0:00:01]} 10. Na4 {[%emt 0:00:01]} Nxe4 {[%emt 0:00:01]} 11. Re1 {[%emt 0:00:01]} Nd6 {[%emt 0:00:35]} 12. Nxe5 {[%emt 0:00:04]} Nxe5 {[%emt 0:00:02]} 13. Rxe5 {[%emt 0:00:00]} O-O {[%emt 0:00:01]} 14. Bf4 {[%emt 0:00:17]} Nb5 {[%emt 0:00:29]} 15. Qxd8 {[%emt 0:00:04]} Bxd8 {[%emt 0:00:02]} 16. Rae1 {[%emt 0:00:12]} Bc7 {[%emt 0:00:08]} 17. R5e4 {[%emt 0:00:10]} Bxf4 {[%emt 0:00:30]} 18. Rxf4 {[%emt 0:00:00]} a5 {[%emt 0:00:13]} 19. Re7 {[%emt 0:00:05]} Be6 {[%emt 0:00:02]} 20. Bxe6 {[%emt 0:00:06]} fxe6 {[%emt 0:00:01]} 21. Rxf8+ {[%emt 0:00:05]} Kxf8 {[%emt 0:00:02]} 22. Rxe6 {[%emt 0:00:02]} Rc8 {[%emt 0:00:03]} 23. c4 {[%emt 0:00:31]} Nd4 {[%emt 0:00:07]} 24. Rd6 {[%emt 0:00:06]} Nf5 {[%emt 0:00:12]} 25. Rd7 {[%emt 0:00:07]} Re8 {[%emt 0:00:07]} 26. Rd2 {[%emt 0:00:12]} Re4 {[%emt 0:00:05]} 27. b3 {[%emt 0:00:03]} Re1+ {[%emt 0:00:05]} 28. Kh2 {[%emt 0:00:01]} Ke7 {[%emt 0:00:04]} 29. Nc5 {[%emt 0:00:02]} Re5 {[%emt 0:00:19]} 30. Nd3 {[%emt 0:00:19]} Re4 {[%emt 0:00:13]} 31. g3 {[%emt 0:00:17]} h5 {[%emt 0:00:04]} 32. Nf4 {[%emt 0:00:02]} h4 {[%emt 0:00:03]} 33. Re2 {[%emt 0:00:10]} Rxe2 {[%emt 0:00:08]} 34. Nxe2 {[%emt 0:00:01]} Kd6 {[%emt 0:00:01]} 35. gxh4 {[%emt 0:00:04]} Ke5 {[%emt 0:00:02]} 36. f3 {[%emt 0:00:02]} Nd4 {[%emt 0:00:04]} 37. Nxd4 {[%emt 0:00:34]} Kxd4 {[%emt 0:00:01]} 38. h5 {[%emt 0:00:01]} Kc3 {[%emt 0:00:01]} 39. f4 {[%emt 0:00:01]} Kb2 {[%emt 0:00:01]} 40. f5 {[%emt 0:00:01]} Ka1 {[%emt 0:00:00]} 41. h6 {[%emt 0:00:17]} Kb2 {[%emt 0:00:00]} 42. hxg7 {[%emt 0:00:02]} Kxa2 {[%emt 0:00:02]} 43. g8=Q {[%emt 0:00:03]} Kxb3 {[%emt 0:00:00]} 44. f6 {[%emt 0:00:03]} a4 {[%emt 0:00:01]} 45. c5+ {[%emt 0:00:01]} Kb2 {[%emt 0:00:02]} 46. f7 {[%emt 0:00:01]} b3 {[%emt 0:00:01]} 47. f8=Q {[%emt 0:00:02]} a3 {[%emt 0:00:01]} 48. Qf2+ {[%emt 0:00:01]} Ka1 {[%emt 0:00:01]} 49. Qgg1# {[%emt 0:00:02] (Lag: Av=0.44s, max=0.7s)} 1-0

[Event "Stay Safe Play From Home 324"]
[Site "Emanuel Lasker Arena"]
[Date "2020.07.22"]
[Round "3"]
[White "Haris kollari 13"]
[Black "Timbre"]
[Result "1-0"]
[WhiteElo "1869"]
[BlackElo "1621"]
[Annotator "NA"]
[PlyCount "119"]
[EventDate "2020.07.22"]
[EventType "swiss (blitz)"]

1. e4 {[%emt 0:00:01]} c6 {[%emt 0:00:02]} 2. f4 {[%emt 0:00:01]} d5 {[%emt 0:00:01]} 3. e5 {[%emt 0:00:01]} Bf5 {[%emt 0:00:01]} 4. g4 {[%emt 0:00:03]} Be4 {[%emt 0:00:03]} 5. Nf3 {[%emt 0:00:01]} e6 {[%emt 0:00:02]} 6. d3 {[%emt 0:00:01]} Bxf3 {[%emt 0:00:02]} 7. Qxf3 {[%emt 0:00:01]} Qh4+ {[%emt 0:00:04]} 8. Qg3 {[%emt 0:00:01]} Qd8 {[%emt 0:00:05]} 9. Bg2 {[%emt 0:00:02]} Bc5 {[%emt 0:00:07]} 10. Bd2 {[%emt 0:00:03]} Ne7 {[%emt 0:00:02]} 11. c3 {[%emt 0:00:01]} Nd7 {[%emt 0:00:02]} 12. d4 {[%emt 0:00:03]} Bb6 {[%emt 0:00:02]} 13. Na3 {[%emt 0:00:01]} c5 {[%emt 0:00:02]} 14. dxc5 {[%emt 0:00:05]} Nxc5 {[%emt 0:00:03]} 15. O-O-O {[%emt 0:00:04]} Qc7 {[%emt 0:00:04]} 16. Kb1 {[%emt 0:00:01]} O-O-O {[%emt 0:00:02]} 17. Nc2 {[%emt 0:00:02]} Nd7 {[%emt 0:00:05]} 18. Nd4 {[%emt 0:00:03]} Bxd4 {[%emt 0:00:03]} 19. cxd4 {[%emt 0:00:02]} Nc6 {[%emt 0:00:01]} 20. Rc1 {[%emt 0:00:02]} Kb8 {[%emt 0:00:01]} 21. Bc3 {[%emt 0:00:01]} Nb6 {[%emt 0:00:02]} 22. Bf1 {[%emt 0:00:01]} Qd7 {[%emt 0:00:08]} 23. h4 {[%emt 0:00:01]} g6 {[%emt 0:00:02]} 24. Bd3 {[%emt 0:00:04]} h5 {[%emt 0:00:04]} 25. f5 {[%emt 0:00:06]} hxg4 {[%emt 0:00:03]} 26. fxg6 {[%emt 0:00:03]} fxg6 {[%emt 0:00:06]} 27. Bxg6 {[%emt 0:00:02]} Rdg8 {[%emt 0:00:16]} 28. h5 {[%emt 0:00:01]} Qe7 {[%emt 0:00:09]} 29. Qxg4 {[%emt 0:00:01]} Nc4 {[%emt 0:00:05]} 30. Rcf1 {[%emt 0:00:17]} Ne3 {[%emt 0:00:04]} 31. Qf4 {[%emt 0:00:13]} Nxf1 {[%emt 0:00:08]} 32. Qxf1 {[%emt 0:00:01]} a6 {[%emt 0:00:07]} 33. a3 {[%emt 0:00:02]} Qg5 {[%emt 0:00:03]} 34. Rg1 {[%emt 0:00:03]} Qh4 {[%emt 0:00:05]} 35. Rh1 {[%emt 0:00:27]} Qg5 {[%emt 0:00:08]} 36. Rg1 {[%emt 0:00:01]} Qh4 {[%emt 0:00:02]} 37. Be1 {[%emt 0:00:01]} Qxd4 {[%emt 0:00:06]} 38. Bc3 {[%emt 0:00:02]} Qh4 {[%emt 0:00:10]} 39. Ka1 {[%emt 0:00:06]} Qa4 {[%emt 0:00:03]} 40. Rg2 {[%emt 0:00:17]} d4 {[%emt 0:00:07]} 41. Rg4 {[%emt 0:00:03]} Nxe5 {[%emt 0:00:11]} 42. Rxd4 {[%emt 0:00:07]} Qc6 {[%emt 0:00:06]} 43. Qf4 {[%emt 0:00:03]} Rf8 {[%emt 0:00:06]} 44. Qxe5+ {[%emt 0:00:02]} Ka8 {[%emt 0:00:02]} 45. Rd1 {[%emt 0:00:07]} Rc8 {[%emt 0:00:08]} 46. Be4 {[%emt 0:00:02]} Qa4 {[%emt 0:00:07]} 47. Rd2 {[%emt 0:00:12]} Rhe8 {[%emt 0:00:15]} 48. h6 {[%emt 0:00:02]} Qc4 {[%emt 0:00:06]} 49. h7 {[%emt 0:00:04]} Qf1+ {[%emt 0:00:02]} 50. Bb1 {[%emt 0:00:03]} Qh1 {[%emt 0:00:07]} 51. Re2 {[%emt 0:00:03]} Qh3 {[%emt 0:00:13]} 52. Qe3 {[%emt 0:00:04]} Qh5 {[%emt 0:00:04]} 53. Re1 {[%emt 0:00:05]} Qh2 {[%emt 0:00:04]} 54. Be5 {[%emt 0:00:05]} Qh5 {[%emt 0:00:04]} 55. Bc3 {[%emt 0:00:09]} Qh2 {[%emt 0:00:03]} 56. Be4 {[%emt 0:00:03]} Qh4 {[%emt 0:00:08]} 57. Qb6 {[%emt 0:00:05]} Qe7 {[%emt 0:00:13]} 58. Qxa6+ {[%emt 0:00:02]} Kb8 {[%emt 0:00:01]} 59. Be5+ {[%emt 0:00:01]} Rc7 {[%emt 0:00:01]} 60. Qxb7# {[%emt 0:00:02] (Lag: Av=0.63s, max=1.1s)} 1-0

[Event "Stay Safe Play From Home 324"]
[Site "Emanuel Lasker Arena"]
[Date "2020.07.22"]
[Round "3"]
[White "Justwatch"]
[Black "Ionelluca"]
[Result "0-1"]
[WhiteElo "1492"]
[BlackElo "1912"]
[PlyCount "58"]
[EventDate "2020.07.22"]
[EventType "swiss (blitz)"]

1. e4 {[%emt 0:00:01]} d6 {[%emt 0:00:01]} 2. Nf3 {[%emt 0:00:15]} Nf6 {[%emt 0:00:08]} 3. Nc3 {[%emt 0:00:00]} c6 {[%emt 0:00:01]} 4. d4 {[%emt 0:00:18]} Nbd7 {[%emt 0:00:02]} 5. Bg5 {[%emt 0:00:05]} e5 {[%emt 0:00:03]} 6. dxe5 {[%emt 0:00:01]} dxe5 {[%emt 0:00:01]} 7. Bd3 {[%emt 0:00:02]} b5 {[%emt 0:00:04]} 8. Bxf6 {[%emt 0:00:01]} Qxf6 {[%emt 0:00:04]} 9. O-O {[%emt 0:00:00]} Bc5 {[%emt 0:00:06]} 10. h3 {[%emt 0:00:01]} a6 {[%emt 0:00:02]} 11. Ne2 {[%emt 0:00:01]} Nf8 {[%emt 0:00:03]} 12. Ng3 {[%emt 0:00:01]} Ng6 {[%emt 0:00:01]} 13. Nh5 {[%emt 0:00:01]} Qe7 {[%emt 0:00:06]} 14. Nxg7+ {[%emt 0:00:02]} Kf8 {[%emt 0:00:01]} 15. Nh5 {[%emt 0:00:03]} Rg8 {[%emt 0:00:02]} 16. Qd2 {[%emt 0:00:14]} Nf4 {[%emt 0:00:27]} 17. Nxf4 {[%emt 0:00:06]} exf4 {[%emt 0:00:01]} 18. Kh2 {[%emt 0:00:02]} Qf6 {[%emt 0:00:18]} 19. Rg1 {[%emt 0:00:05]} Qh6 {[%emt 0:00:02]} 20. Qa5 {[%emt 0:00:12]} Be6 {[%emt 0:00:11]} 21. Qc7 {[%emt 0:00:04]} Re8 {[%emt 0:00:06]} 22. Qxc6 {[%emt 0:00:02]} Bxf2 {[%emt 0:00:23]} 23. Qd6+ {[%emt 0:00:03]} Re7 {[%emt 0:00:01]} 24. Qd8+ {[%emt 0:00:19]} Re8 {[%emt 0:00:06]} 25. Qd6+ {[%emt 0:00:02]} Kg7 {[%emt 0:00:01]} 26. Qe5+ {[%emt 0:00:06]} f6 {[%emt 0:00:04]} 27. Qc7+ {[%emt 0:00:02]} Kh8 {[%emt 0:00:01]} 28. e5 {[%emt 0:00:06]} Rxg2+ {[%emt 0:00:14]} 29. Rxg2 {[%emt 0:00:08]} Qxh3# {[%emt 0:00:02] (Lag: Av=0.56s, max=0.8s)} 0-1

[Event "Stay Safe Play From Home 324"]
[Site "Emanuel Lasker Arena"]
[Date "2020.07.22"]
[Round "3"]
[White "Klasman"]
[Black "SelamiSahin"]
[Result "0-1"]
[WhiteElo "1481"]
[BlackElo "1620"]
[Annotator "NA"]
[PlyCount "56"]
[EventDate "2020.07.22"]
[EventType "swiss (blitz)"]

1. f4 {[%emt 0:00:03]} d5 {[%emt 0:00:09]} 2. c4 {[%emt 0:00:08]} c6 {[%emt 0:00:13]} 3. Nf3 {[%emt 0:00:03]} Bf5 {[%emt 0:00:04]} 4. e3 {[%emt 0:00:30]} e6 {[%emt 0:00:01]} 5. Nc3 {[%emt 0:00:12]} Nd7 {[%emt 0:00:02]} 6. d4 {[%emt 0:00:02]} Ngf6 {[%emt 0:00:04]} 7. cxd5 {[%emt 0:00:02]} exd5 {[%emt 0:00:03]} 8. Bd3 {[%emt 0:00:03]} Bxd3 {[%emt 0:00:03]} 9. Qxd3 {[%emt 0:00:01]} Bb4 {[%emt 0:00:01]} 10. O-O {[%emt 0:00:03]} O-O {[%emt 0:00:04]} 11. Ne5 {[%emt 0:00:03]} Re8 {[%emt 0:00:06]} 12. Bd2 {[%emt 0:00:01]} Bxc3 {[%emt 0:00:04]} 13. bxc3 {[%emt 0:00:03]} Ne4 {[%emt 0:00:04]} 14. Rf3 {[%emt 0:00:07]} f6 {[%emt 0:00:06]} 15. Ng4 {[%emt 0:00:09]} Nb6 {[%emt 0:00:07]} 16. Rh3 {[%emt 0:00:06]} Nc4 {[%emt 0:00:01]} 17. Be1 {[%emt 0:00:21]} Qd7 {[%emt 0:00:02]} 18. Nf2 {[%emt 0:00:06]} h6 {[%emt 0:00:20]} 19. Nxe4 {[%emt 0:00:10]} Rxe4 {[%emt 0:00:00]} 20. Bf2 {[%emt 0:00:16]} Rae8 {[%emt 0:00:03]} 21. Rb1 {[%emt 0:00:03]} b5 {[%emt 0:00:13]} 22. a4 {[%emt 0:00:19]} bxa4 {[%emt 0:00:03]} 23. Ra1 {[%emt 0:00:01]} a3 {[%emt 0:00:02]} 24. Rg3 {[%emt 0:00:42]} Qe7 {[%emt 0:00:16]} 25. f5 {[%emt 0:00:17]} Qb7 {[%emt 0:00:21]} 26. Qe2 {[%emt 0:00:21]} Qb2 {[%emt 0:00:04]} 27. Ra2 {[%emt 0:00:22]} Qb1+ {[%emt 0:00:08]} 28. Qf1 {[%emt 0:00:01]} Qxa2 {[%emt 0:00:01] Klasman resigns (Lag: Av=0.53s, max=0.6s)} 0-1